| 000 | 00410nam a2200109Ia 4500 | ||
|---|---|---|---|
| 008 | 220620s9999||||xx |||||||||||||| ||und|| | ||
| 245 | 0 | _aCreativity and the Agile Mind: A Multi-Disciplinary Study of a Multi-Faceted Phenomenon | |
| 546 | _aEnglish[eng] | ||
| 650 | _aCreativity||Language||Visual Communication||Music||Cognitive Science | ||
| 700 | _aVeale, Tony||Feyaerts, Kurt||Forceville, Charles | ||
| 942 | _cEB | ||
| 999 |
_c28103 _d28103 |
||